00329 a2200109 450000500170000002000220001708200160003910000170005524500550007226000380012730000540016520250625132630.0 a978-0-07-354542-4 a808.066 YOU aYOUNG, J . D aBusiness English: Writing for the Global Workplace aBostonbMcGraw-Hill Irwin c2008. aix, 398p.: ill.; figuresbIndex, Referencesc27cm